000 00768nam a2200217Ii 4500
003 JO-AjNU
008 230605s9999||||xx |||||||||||||| ||und||
017 _a99/15377
020 _a977-01-6509-3
040 _aJO-AjNU
_bara
_erda
_cJO-AjNU
041 _aara
050 1 4 _aP92.A65.S4322 1999
100 3 _aشرف، عبد العزيز تأليف,
_eauthor
_939595
245 0 0 _aلغة الحضارة وتحدّيات المستقبل
264 3 1 _aمصر:الهيئة المصرية العامة للكتاب,1999
300 _a366ص
336 _atext
_btxt
_2rdacontent
337 _aunmediated
_bn
_2rdamedia
338 _avolume
_bnc
_2rdacarrier
650 4 _aاللغة-اللغة العربية-لغة الحضارة وتحديات المستقبل
_939596
999 _aA16735
_c20303
_d20303